A carregar...
Developing the private sector: the World Bank`s experience and approach
| Formato: | Printed Book |
|---|---|
| Publicado em: |
Washington, The World Bank
1991
|
| Assuntos: |
| LEADER | 004810000a22001450004500 | ||
|---|---|---|---|
| 082 | |a 332.153 2 N1 | ||
| 245 | |a Developing the private sector: the World Bank`s experience and approach | ||
| 260 | |a Washington, The World Bank | ||
| 260 | |c 1991 | ||
| 465 | |a D 5.95 | ||
| 500 | |a World Bank | ||
| 650 | |a Privatization | ||
| 942 | |c BK | ||
| 999 | |c 9807 |d 9807 | ||
| 952 | |0 0 |1 0 |4 0 |6 332_153000000000000_2_N1 |7 0 |8 ENG |9 9602 |a MGUL |b MGUL |d 2013-07-16 |e D 5.95 |l 0 |o 332.153 2 N1 |p 13661 |r 2019-03-26 |w 2013-07-16 |y BK | ||